000 00717nam a2200277Ia 4500
005 20260324120553.0
008 008 260324s9999 xx 000 0 eng d
020 _a9781315797915
037 _aEBOOK
040 _aCRL
040 _beng
040 _cCRL
041 _2eng
041 _aeng
084 _qCRL
100 _aDavid L. Butler; Perry Carter; Stephen P. Hanna; E. Arnold Modlin; Amy E. Potter
_91159101
245 0 _aSocial Memory and Heritage Tourism Methodologies
260 _bTaylor and Francis
260 _c2015
365 _a
365 _b265
856 _uhttp://www.taylorfrancis.com/books/9781315797915
942 _cEBOOK
999 _c1750707
_d1750707